Score 0/30 Timer 07:00
0 Plays Today
Phrase Answer % Correct
W③ SID③ORYWest Side Story
95.6%
PO③GE ③MPpostage stamp
90.6%
M③IAL ③Smartial arts
90.3%
TROP③F CAPR③RNTropic of Capricorn
90.3%
③ MISERAB③Les Miserables
89.1%
DIR③ OBJ③direct object
88.5%
POL③ OFF③Rpolice officer
87%
F③ W③HFort Worth
86.9%
GAR③ OF E③Garden of Eden
86.6%
THE SCAR③ ③TERThe Scarlet Letter
86.5%
ST③O A③ENCEstudio audience
85.8%
SO③ F③Esolar flare
83.6%
THE H③YMO③RSThe Honeymooners
82.5%
GON③TH TH③NDGone with the Wind
78%
LO③ ③Llocal call
78%
Phrase Answer % Correct
D③Y M③Daily Mail
76.6%
THE IN③PRE③The Interpreter
73.1%
AT③③atom bomb
66%
S③KE I③CHstrike it rich
65.9%
SANTA ③③ASanta Barbara
63.2%
ICH B③IN BERL③RIch bin ein Berliner
60.1%
BO③Y H③ERbounty hunter
59.9%
③OW THE ③Tbelow the belt
58.6%
③PLE ③ONSimple Simon
50.8%
CO③ ③SIONcover version
50.3%
S③E ③Tspare part
49.9%
C③GE ③DSchange hands
45.7%
G③LT③SHgefilte fish
40.6%
SE③TH HEA③seventh heaven
38.6%
ST③ MAN③Rstage manager
26.2%

You're not logged in!

Compare scores with friends on all Sporcle quizzes.
OR
Log In

Sporcle TV

Today on Sporcle TV


Watch our educational content, quiz creation guides, and fun videos on Sporcle TV.

Show Comments

Extras

Top Quizzes Today


Score Distribution

Paid Content

Your Account Isn't Verified!

In order to create a playlist on Sporcle, you need to verify the email address you used during registration. Go to your Sporcle Settings to finish the process.

Report this User

Report this user for behavior that violates our Community Guidelines.

Details: